Clouds/ (Record no. 211632)

MARC details
000 -LEADER
fixed length control field 00555nam a2200193 4500
005 - DATE AND TIME OF LATEST TRANSACTION
control field 20250605162711.0
010 ## - LCCN (DPL NO)
LC control number ENG-145227
020 ## - INTERNATIONAL STANDARD BOOK NUMBER
International Standard Book Number 9789386797063
Terms of availability 699.00
035 ## - SYSTEM CONTROL NUMBER
System control number EN-128759
037 ## - SOURCE OF ACQUISITION
Source of stock number/acquisition DBAD
082 ## - DEWEY DECIMAL CLASSIFICATION NUMBER
Classification number S
100 ## - MAIN ENTRY--PERSONAL NAME
Personal name Choudhury, Chandrahas
245 ## - TITLE STATEMENT
Title Clouds/
Statement of responsibility, etc Chandrahas Choudhury
250 ## - EDITION STATEMENT
Edition statement 1
260 ## - PUBLICATION, DISTRIBUTION, ETC. (IMPRINT)
Place of publication, distribution, etc New Delhi
Name of publisher, distributor, etc Simons & Schuster India
Date of publication, distribution, etc 2018
270 ## - ADDRESS
Address 818, Inderprakash Building 21 Barakhamba Road
City New Delhi
Postal code 110001
Electronic mail address shanlaxpublications.com
300 ## - PHYSICAL DESCRIPTION
Extent 280p.
Dimensions 24cm(hb)
942 ## - ADDED ENTRY ELEMENTS (KOHA)
Source of classification or shelving scheme Dewey Decimal Classification
Item type English Books
Classification part S
Call number suffix CHO
Holdings
Withdrawn status Lost status Not for loan Collection code Home library Current library Date acquired Source of acquisition Cost, normal purchase price Full call number Barcode Copy number Cost, replacement price Koha item type
      Fiction Bawana Bawana 05/06/2025 Delivery of Books Act Division 699.00 S CHO EN-128759 1 699.00 English Books

© Delhi Public Library
Hit Counter
free hit counter